Integrating TCP/IP into SNA (Record no. 66549)

000 -LEADER
fixed length control field 00434nam a22001697a 4500
003 - CONTROL NUMBER IDENTIFIER
control field NUST - PNEC
005 - DATE AND TIME OF LATEST TRANSACTION
control field 20170116180956.0
008 - FIXED-LENGTH DATA ELEMENTS--GENERAL INFORMATION
fixed length control field 150911b xxu||||| |||| 00| 0 eng d
020 ## - INTERNATIONAL STANDARD BOOK NUMBER
International Standard Book Number 8170292492
040 ## - CATALOGING SOURCE
Transcribing agency LIBRARY
082 ## - DEWEY DECIMAL CLASSIFICATION NUMBER
Classification number 004.65 TAY
100 ## - MAIN ENTRY--PERSONAL NAME
9 (RLIN) 9265
Personal name Taylor, Ed
245 ## - TITLE STATEMENT
Title Integrating TCP/IP into SNA
Statement of responsibility, etc. Ed Taylor
260 ## - PUBLICATION, DISTRIBUTION, ETC.
Date of publication, distribution, etc. 1994
650 ## - SUBJECT ADDED ENTRY--TOPICAL TERM
9 (RLIN) 9266
Topical term or geographic name entry element SNA (Computer network architecture)
General subdivision MIS
942 ## - ADDED ENTRY ELEMENTS (KOHA)
Source of classification or shelving scheme
Koha item type Book
Holdings
Withdrawn status Lost status Source of classification or shelving scheme Damaged status Not for loan Permanent Location Current Location Shelving location Date acquired Total Checkouts Full call number Barcode Date last seen Price effective from Koha item type
          Pakistan Navy Engineering College (PNEC) Pakistan Navy Engineering College (PNEC)       004.65 TAY PNECLIB-017375 09/11/2015   Book
© 2023 Central Library, National University of Sciences and Technology. All Rights Reserved.